Competências e desempenho organizacional : (Record no. 917)

MARC details
000 -LÍDER
Campo Fixo de Controle 00854nam a2200253 a 4500
001 - NÚMERO DE CONTROLE
Campo de Controle 917
003 - IDENTIFICAÇÃO DO NÚMERO DE CONTROLE
Campo de Controle BR-CuiBMT
005 - DATA E HORA DA ÚLTIMA ATUALIZAÇÃO
Campo de Controle 20231122235026.0
008 - DADOS FIXOS
Dados Fixos 231122s2006 spba 001 0 por d
020 ## - INTERNATIONAL STANDARD BOOK NUMBER
Nº do ISBN 8502056026
040 ## - AGÊNCIA CATALOGADORA
Código da Agência Catalogadora BR-CuiBMT
Agência que transcreveu o registro BR-CuiBMT
080 ## - Nº DA CLASSIFICAÇÃO DECIMAL UNIVERSAL
Nº edição CDU 2007
Nº Class. CDU 658.31.084.3
090 ## - NÚMERO DE CHAMADA
Nº classificação 658.31.084.3
Cutter F363c
100 1# - ENTRADA PRINCIPAL -- AUTOR PESSOAL
Nome pessoal Fernandes, Bruno Henrique Rocha
245 10 - TÍTULO PRINCIPAL
Título principal Competências e desempenho organizacional :
Subtítulo o que há além do Balanced Scorecard /
Indicação de responsabilidade Bruno Henrique Rocha Fernandes.
260 ## - PUBLICAÇÃO, DISTRIBUIÇÃO, ETC.
Local de publicação São Paulo :
Editora Saraiva,
Data 2006.
300 ## - DESCRIÇÃO FÍSICA
N. páginas ou volumes 144 p. :
Ilustrações il. ;
Dimensões 24 cm
504 ## - NOTA DE BIBLIOGRAFIA, ETC.
Nota de bibliografia Inclui bibliografia e índice.
650 ## - ASSUNTO TÓPICO
Cabeçalho tópico ou nome geográfico Avaliação de desempenho
650 ## - ASSUNTO TÓPICO
Cabeçalho tópico ou nome geográfico Administração de pessoal
Subdivisão geral Avaliação de desempenho
650 ## - ASSUNTO TÓPICO
Cabeçalho tópico ou nome geográfico Planejamento estratégico
650 ## - ASSUNTO TÓPICO
Cabeçalho tópico ou nome geográfico Produtividade industrial
Subdivisão geral Medição
942 ## - ELEMENTOS DE ENTRADA ADICIONAIS (KOHA)
Fonte de classificação ou esquema de arquivamento Classificação Decimal Universal
Tipo de item do Koha Livros
Holdings
Estado: removido Estado: perdido Fonte de classificação ou esquema de arquivamento Estado: danificado Indisponível para empréstimo Localização permanente Localização atual Data de aquisição Total Checkouts Número de Chamada completo Código de barras Date last seen Número do exemplar Preço efetivo a partir de Tipo de item (Koha)
    Classificação Decimal Universal     Biblioteca da Escola Superior de Contas do TCE/MT Biblioteca da Escola Superior de Contas do TCE/MT 22/11/2023   658.31.084.3 F363c BIBTCEMT23110910 22/11/2023 Ex. 1 22/11/2023 Livros

Powered by Koha